Casanova (Record no. 3702)
[ view plain ]
| 000 -LEADER | |
|---|---|
| fixed length control field | 00470nam a22001697a 4500 |
| 008 - FIXED-LENGTH DATA ELEMENTS--GENERAL INFORMATION | |
| fixed length control field | 250529b |||||||| |||| 00| 0 eng d |
| 020 ## - INTERNATIONAL STANDARD BOOK NUMBER | |
| ISBN | 9780340682104 |
| 100 ## - MAIN ENTRY--AUTHOR | |
| Author | Miller Andrew |
| 245 ## - TITLE STATEMENT | |
| Title | Casanova |
| 260 ## - PUBLICATION, DISTRIBUTION, ETC. (IMPRINT) | |
| Place of publication | London |
| Name of publisher | Hodder and Stoughton |
| Date of publication | 1998 |
| 300 ## - COLLATION | |
| Pagination | 308p. |
| 650 ## - TRACINGS | |
| Main Subject | Casanova, Giacomo, 1725 - 1798 |
| Subdivision (1st) | Fiction |
| 650 ## - TRACINGS | |
| Main Subject | Seduction |
| Subdivision (1st) | Fiction |
| 650 ## - TRACINGS | |
| Main Subject | Europe |
| Subdivision (1st) | History |
| Subdivision (2nd) | 18th Century - Fiction |
| 942 ## - ADDED ENTRY ELEMENTS (KOHA) | |
| Item type | Books |
| 050 ## - LIBRARY OF CONGRESS CALL NUMBER | |
| Classification number | PR6063.I3564 |
| Item number | .C37 1998 |
| Source of classification or shelving scheme | Not for loan | Permanent location | Current location | Date acquired | Accession No. | Full call number | Barcode. | Koha item type |
|---|---|---|---|---|---|---|---|---|
| Library of Congress Classification | Samuel Ogbemudia Main Library, University of Abuja | Samuel Ogbemudia Main Library, University of Abuja | 05/29/2025 | 2024/64380 | PR6063.I3564.C37 | 2025-2254 | Books |